| 000 | 01895cam a2200433 a 4500 | ||
|---|---|---|---|
| 001 | 58552 | ||
| 005 | 20230410120908.0 | ||
| 008 | 060808s2006 nyu b 000 0 eng d | ||
| 010 | _a 2006932396 | ||
| 035 | _a(OCoLC)ocm71817779 | ||
| 040 |
_aJBL _cJBL _dDLC _dBAKER _dYDXCP _dMR0 _dIWA _dIXA _dJQF _dBTCTA _dMBB |
||
| 020 | _a9780374530907 (pbk.) | ||
| 020 | _a0374530904 (pbk.) | ||
| 029 | 1 |
_aYDXCP _b2461247 |
|
| 029 | 1 |
_aAU@ _b000041289746 |
|
| 035 | _a(OCoLC)71817779 | ||
| 042 | _alccopycat | ||
| 050 | 1 | 4 |
_aJA85.2.U6 _bL36 2006 |
| 082 | 0 | 0 |
_a320.51/3/0973 _222 |
| 100 | 1 | _aLakoff, George. | |
| 245 | 1 | 0 |
_aThinking points : _bcommunicating our American values and vision : a progressive's handbook / _cGeorge Lakoff and the Rockridge Institute. |
| 250 | _a1st ed. | ||
| 260 |
_aNew York : _bFarrar, Straus and Giroux, _c2006. |
||
| 300 |
_axiii, 156 p. ; _c21 cm. |
||
| 504 | _aIncludes bibliographical references (p. [153]-156) | ||
| 505 | 0 | _aWinning and losing -- Biconceptualism -- Frames and brains -- The nation as family -- Morality and the market -- Fundamental values -- Strategic initiatives -- The art of arguments. | |
| 650 | 0 | _aProgressivism (United States politics) | |
| 650 | 0 |
_aCommunication in politics _zUnited States. |
|
| 651 | 0 |
_aUnited States _xPolitics and government _y2001- |
|
| 710 | 2 | _aRockridge Institute. | |
| 856 | 4 | 1 |
_3Sample text _uhttp://www.loc.gov/catdir/enhancements/fy0708/2006932396-s.html |
| 856 | 4 | 2 |
_3Contributor biographical information _uhttp://www.loc.gov/catdir/enhancements/fy0807/2006932396-b.html |
| 856 | 4 | 2 |
_3Publisher description _uhttp://www.loc.gov/catdir/enhancements/fy0807/2006932396-d.html |
| 938 |
_aBaker & Taylor _bBKTY _c10.00 _d7.50 _i0374530904 _n0006941857 _sactive |
||
| 938 |
_aYBP Library Services _bYANK _n2461247 |
||
| 938 |
_aBaker and Taylor _bBTCP _n2006932396 |
||
| 942 |
_2lcc _cbk |
||
| 994 |
_aC0 _bDRFGD |
||
| 999 |
_c53963 _d53963 |
||